00384nam a2200145Ia 4500008004100000084001700041100001700058245006100075250002000136260001100156260000900167260001400176300001300190500003500203180424s9999 xx 000 0 und d a621.381 5 B3 a"Bapat, Y N" 0aElectronic Devices and Circuits: Discrete and Integrated a\\198400ENGGPSX aT M h  b1984 cNew Delhi axii+418p aincludes index and biblioraphy